000 00861cab a2200265 4500
001 WB3119-16
008 090401t1995 xxu||||| |||| 00| 0 eng d
035 _a(Sirsi) u70535
041 _aeng
245 _aSpread of factory shops condemned
260 _c1995
350 _a0
490 _aBuilding Design
_v(1220) 12 May 1995, 6(1)
520 _aThe Campaign for the Preservation of Rural England (CPRE) has condemned the number of US-inspired factory shops as being environmentally destructive. Examples of planned developments given.
650 _aBICESTER
650 _aCHESHIRE OAKS
650 _aEnvironment
_96238
650 _aFACTORY SHOPS
650 _aRAM EURO-CENTERS
650 _aRETAIL WAREHOUSING
690 _aPROPERTY-COMMERCIAL PROPERTY-RETAIL PROPERTY
690 _aEnvironment
_96238
942 _n0
948 _c04/03/1997
999 _c44372
_d44372